Quizzes
Events
Quiz Creation
Community
Videos
Private Events
Remove Ads
Sign In
Join for FREE
Feedback
Dark Mode
Quiz Categories
Sports
Geography
Music
Movies
Television
Just For Fun
Miscellaneous
History
Literature
Language
Science
Gaming
Entertainment
Religion
Holiday
For Kids
Quiz Lab
Recent
Popular Today
Quiz Kudos Today
Editor Picks
Curator Picks
Quizzes by...
Day
Popularity
Type
Ratings
Length
Year
Community
Subscriptions
Recent Discussions
Orange Saloon
Badges
Playlists
Quests
Create
Leaderboards
Showdown
Live 5
Trivia Bingo
Activity
Puzzle Library
Sporcle Events
Private Events
Virtual Trivia
Globe League
Become a Host
Pub Owners
SporcleCon
Opinionation
Our Games
Videos
Blog
Mobile Apps
Partnerships
Remove Ads and Go Orange
Feedback
Sports
Athletes
MLB
NBA
NHL
NFL
Soccer
Sports Teams
WWE
NCAA
Football
Premier League
Basketball
Baseball
Hockey
Golf
Tennis
Cricket
Rugby
Auto Racing
Olympics
World Cup
Sports
Athletes
MLB
NBA
NHL
NFL
Soccer
Sports Teams
WWE
NCAA
Football
Premier League
Basketball
Baseball
Hockey
Golf
Tennis
Cricket
Rugby
Auto Racing
Olympics
World Cup
Random Quiz
Search Sporcle
×
Quiz Lab
Quiz Lab
Sports
Premier League
Type answers based on single images at one time
Type answers based on single images at one time
Slideshow
Best Score? Go Orange.
Premier League Players of the 90's II Stats
Can you name the Premier League Players of the 90's era?
By
alex_1356
15m
65 Questions
518 Plays
518 Plays
518 Plays
Comments
Comments
Give Quiz Kudos
Give Quiz Kudos
-
- Ratings
hide this ad
Replay
Link that replays current quiz
Next Quiz
Link to next quiz in quiz playlist
You Got
0%
They Got
Avg Score
62%
Avg Friend Score
Upgrade to see
Score Distribution
Jump to the score distribution portion of the page
Score
0/65
Timer
15:00
0
Plays Today
% Correct
Dwight Yorke
96.3%
Robbie Fowler
93.8%
Dennis Bergkamp
92.3%
David James
86.1%
Dennis Wise
84.3%
Patrick Vieira
84.3%
Nicky Butt
82.6%
Steve Bruce
82.6%
Denis Irwin
78.9%
Lee Dixon
78.7%
Paul Merson
78.3%
Gary Pallister
76.2%
Dion Dublin
73.5%
Lucas Radebe
73.3%
Lee Bowyer
72.5%
Mark Bosnich
72.1%
Nigel Winterburn
71.8%
David Batty
71%
Muzzy Izzet
70.4%
John Hartson
70.4%
Neil Lennon
69.2%
Michael Owen
69.2%
Dan Petrescu
69.1%
Stan Collymore
68.9%
Nigel Martyn
68.1%
Lee Sharpe
66.2%
Ian Walker
65.8%
Dean Saunders
65%
Chris Waddle
63.8%
Carlton Palmer
63.8%
Alf-Inge Håland
63.6%
Phil Babb
63.1%
Nick Barmby
62.7%
% Correct
Andy Townsend
62.3%
Rob Lee
60.5%
Savo Milošević
60.5%
Henning Berg
60.2%
Steve Staunton
60%
Jamie Redknapp
57.6%
Ugo Ehiogu
57.6%
Kasey Keller
56.3%
Efan Ekoku
56.3%
Gordon Strachan
55.9%
Dean Holdsworth
55.7%
Neil Sullivan
54.5%
John Jensen
54.5%
Rod Wallace
53.2%
Warren Barton
53.2%
Steve McManaman
53%
David Unsworth
51.8%
John Lukic
51.3%
Stuart Ripley
50.9%
Brian Deane
47%
Mark Crossley
46.8%
Steve Clarke
46.2%
Dave Watson
45.5%
Alan Wright
44.7%
Rob Jones
44.5%
Tony Dorigo
44.1%
Neil Webb
42.2%
Julian Joachim
42.2%
Graham Stuart
40.6%
John Beresford
40.2%
Colin Cooper
32.3%
Jason Dodd
31.9%
Quiz Playlist
Details
Report
Send in Message
Add To Playlist
Slideshow:
Type answers based on single images at one time
Last Updated: Feb 25, 2022
Quiz Scoreboard
CHALLENGE
Sign Up to Join the Scoreboard
Show All
Scores
Hide
Comments
May contain spoilers
Recently Published
An Introduction to Baseball
by treessimontrees
Sports
5m
Movies - When Are They Set?
by FPL_Elf
Movies
5m
Popular People in 1961
by mucciniale
History
6m
More to Explore
Quiz From the Vault
Featured Blog Post
Where Did the Easter Bunny Come From?
hide this ad
You Might Also Like...
Tags
Premier League Quiz
England
Era
League
Player
Premier
Slideshow
Today's Top Quizzes in Sports
Browse Sports
hide this ad
Today's Top Quizzes in Premier League
Browse Premier League
Top Contributed Quizzes in Sports
1
Les meilleurs buteurs des matchs entre le PSG et l’OM
2
2022 World Cup Stars
3
FIFA Club World Cup Champions
4
Les entraîneurs de l'OM et du PSG au 21e siècle
5
Name the Premier League winners with different clubs
6
La finale Lions - Afrique du Sud 2021
7
Criteria MLB: Left Handed Sluggers
8
Les joueurs passés par le LOSC et le RC Lens
9
Players with Multiple 50 Home Run Seasons
10
MLB Players with Two .350 Batting Average Seasons
Explore More
Trending Topics
Marvel
Anime
Disney
Kpop
Crossword
Harry Potter
NBA
Puzzle
Song
Pokémon
NFL
Country
The Office
Soccer
WWE
hide this ad
More By:
alex_1356
Quiz
Plays
Rating
Category
Featured
Created
Premier League Players of the 90's
4,362
5.00
Sports
Oct 8, 2017
English Logo Quiz
2,499
4.00
Miscellaneous
Feb 9, 2018
American Logo Quiz
2,121
4.00
Miscellaneous
Jun 5, 2018
European Beer Brands by Logo
1,822
5.00
Miscellaneous
Oct 29, 2017
German Logo Quiz
1,353
3.75
Miscellaneous
Aug 16, 2017
Go to Creator's Profile
Score Distribution
Quiz Creator Spotlight
alex_1356
Follow
Send a Message
Quizzes Created
-
Created Quiz Play Count
-
More By This Creator
Popular Quizzes Today
1
Find the Countries of Europe - No Outlines Minefield
2
Find the US States - No Outlines Minefield
3
The Countries of the World
4
Popular People in 1961
5
US States
6
1-10 Letter E Words III
7
Find the US States
8
One Thing in Common: World Cities II
More Sports Quizzes
Retrouvez tous les buteurs de la décennie 2010-2019
Quiz Lab
Trending Quizzes
Risky Map Clicking: Least Populous States A-Z
1-10 Letter F Words
1-10 Letter G Words
One Thing in Common: United Kingdom
Risky Map Clicking: Next State Alphabetically
Recently Updated
Leaping Animals
pecheneg
Reality TV Shows (A-Z)
bhenderson79
Rickey Henderson's Hall of Fame Teammates
pecheneg
Champions League XIs: Arsenal
pecheneg
Quick Pick: Celebrities in WWE's Hall of Fame
aduchscher
A-Z Keypad Blitz II
pecheneg
Multiple Oscar Actors
pecheneg
Mystery Phrase Blitz: Oscar 'Best Actors'
pecheneg
F. Scott Fitzgerald Novels
LTH
Pick 3 Villains
ddd62291
Trending Topics
Anime
Crossword
Kpop
Harry Potter
Disney
NBA
Marvel
Pokémon
Soccer
WWE
The Office
Country
Song
NFL
Puzzle
Your Account Isn't Verified!
In order to create a playlist on Sporcle, you need to verify the email address you used during registration. Go to your
Sporcle Settings
to finish the process.
Report this User
Report this user for behavior that violates our
Community Guidelines
.
Details:
Send Report
Go to the Sporcle.com Mobile Site →
Comments